000 00661nam a2200193Ii 4500
003 JO-AjNU
008 230605s9999||||xx |||||||||||||| ||und||
040 _aJO-AjNU
_bara
_erda
_cJO-AjNU
041 _aara
050 1 4 _aT385.A8222 2007
100 3 _aالاسدي، عياس حنون حسن,
_eauthor
_943863
245 0 0 _aالرسم بالحاسوب باستخدام لغة البرمجة c++
264 3 1 _aالقاهرة:المكتب الجامعي الحديث ، 2007
300 _a230ص
336 _atext
_btxt
_2rdacontent
337 _aunmediated
_bn
_2rdamedia
338 _avolume
_bnc
_2rdacarrier
650 4 _aالرسم بالحاسوب
_943864
999 _aA18890
_c22458
_d22458